Environmental protection and law (Record no. 62755)

MARC details
000 -LEADER
fixed length control field 00883nam a2200169 a 4500
008 - FIXED-LENGTH DATA ELEMENTS--GENERAL INFORMATION
fixed length control field 120416s0000 ||||||||||||||||| || u
020 ## - INTERNATIONAL STANDARD BOOK NUMBER
International Standard Book Number 8171692826
050 ## - LIBRARY OF CONGRESS CALL NUMBER
Classification number TD 170 Env
100 ## - MAIN ENTRY--PERSONAL NAME
Personal name Singh, U. K
245 10 - TITLE STATEMENT
Title Environmental protection and law
Statement of responsibility, etc. edited by P. R. Trivedi
260 ## - PUBLICATION, DISTRIBUTION, ETC.
Place of publication, distribution, etc. New Delhi
Name of publisher, distributor, etc. Commonwealth Publishers
Date of publication, distribution, etc. 1994
350 ## -
-- 0.00
700 ## - ADDED ENTRY--PERSONAL NAME
Personal name Trivedi, P. R
995 ## -
-- MAIN LIBRARY OPEN ACCESS
-- 0.00
-- 732070
-- CBU-MAIN LIBRARY (Kitwe)
-- 1
-- 45.00
-- TD 170 Env
-- 1
-- AVAILABLE
-- Jul 10, 2006
-- 44823
-- Main Library Open Access Collection
995 ## -
-- MAIN LIBRARY OPEN ACCESS
-- 0.00
-- 732071
-- CBU-MAIN LIBRARY (Kitwe)
-- 3
-- 45.00
-- TD 170 Env
-- 3
-- AVAILABLE
-- 44821
-- Main Library Open Access Collection
995 ## -
-- MAIN LIBRARY OPEN ACCESS
-- 0.00
-- 732069
-- CBU-MAIN LIBRARY (Kitwe)
-- 2
-- 45.00
-- TD 170 Env
-- 2
-- AVAILABLE
-- Jul 11, 2006
-- 44824
-- Main Library Open Access Collection
999 ## -
-- 62755
-- 62755
Holdings
Withdrawn status Lost status Source of classification or shelving scheme Damaged status Not for loan Permanent Location Current Location Shelving location Date acquired Total Checkouts Full call number Barcode Date last seen Price effective from Koha item type
          CBU-MAIN LIBRARY, KITWE. CBU-MAIN LIBRARY, KITWE.   12/16/2022   TD 170 Env 44823 12/16/2022 12/16/2022 MONOGRAPH
          CBU-MAIN LIBRARY, KITWE. CBU-MAIN LIBRARY, KITWE.   12/16/2022   TD 170 Env 44821 12/16/2022 12/16/2022 MONOGRAPH
          CBU-MAIN LIBRARY, KITWE. CBU-MAIN LIBRARY, KITWE.   12/16/2022   TD 170 Env 44824 12/16/2022 12/16/2022 MONOGRAPH